| 000 | 00780nas a2200253 4500 | ||
|---|---|---|---|
| 001 | BR0704502 | ||
| 003 | BR-BrBNA | ||
| 005 | 20231205111127.0 | ||
| 007 | ta | ||
| 008 | 230509b bl.|||p| |||| 00| 00por d | ||
| 040 |
_aBR-BrBNA _bpor _cBiblioteca Nacional de Agricultura |
||
| 041 | _a(Pt) | ||
| 072 | _aF63 | ||
| 100 | 1 | _aManente-Balestieri, F.C.D.L. | |
| 100 | 1 | _aMachado, V.L.L. | |
| 245 | 1 | _aEntomofauna visitante das flores de Cassia spectabilis (L.)D C. (Leguminosae) | |
| 650 | _aENTOMOFAUNA | ||
| 650 | _aINSETO | ||
| 650 | _aABELHA | ||
| 650 | _aPOLINIZAÇÃO | ||
| 773 | 0 |
_tAnais da Sociedade Entomológica do Brasil (Brazil) _xISSN 0301-8059 _g(Sep 1999), v. 28(3) p. 429-437 _wBR0704502 |
|
| 909 |
_a202311 _bLúcia _c55 _dLúcia Elande |
||
| 942 |
_2AGRIS _n0 _cANA |
||
| 999 |
_c190826 _d190826 |
||